000 00703nam a2200217Ii 4500
003 JO-AjNU
008 230606s9999||||xx |||||||||||||| ||und||
020 _a9957-407-44-9
040 _aJO-AjNU
_beng
_erda
_cJO-AjNU
041 _aeng
050 1 4 _aPE1130 2006
100 3 _aتاليف Abu-Anza,Ibrahim,
_eauthor
_93611
245 0 0 _aEnglish For Beginners=اللغة الإنجليزية للمبتدئين
250 _a2 ed
264 3 1 _aAmman:dar yafa,2006
300 _a200p
336 _atext
_btxt
_2rdacontent
337 _aunmediated
_bn
_2rdamedia
338 _avolume
_bnc
_2rdacarrier
650 4 _aEnglish For Beginners-اللغة الإنجليزية للمبتدئين-English
_93612
999 _aE1884
_c1884
_d1884